| 000 | 00657nam a22002057a 4500 | ||
|---|---|---|---|
| 003 | OSt | ||
| 005 | 20140310183007.0 | ||
| 008 | 130211t xxu||||| |||| 00| 0 eng d | ||
| 020 | _a 9719222026 | ||
| 050 |
_aGV 838 _b.D324 2000 |
||
| 100 | _aDeichmann, Gunther | ||
| 245 |
_aDive sites of the Philippines : _bBoracay, Carabao & Maniguin Island / _cGunther Deichmann |
||
| 260 |
_aManila : _bDream Time, _c2000. |
||
| 300 |
_a108 p. : _c22 cm. |
||
| 521 | _aTOU | ||
| 650 |
_aBoracay, Carabao & Maniguin Islands _vDescription, geographical & dive travel |
||
| 650 |
_aScuba diving _vPhilippines _xGuidebooks |
||
| 942 |
_2lcc _cBK _kLOC |
||
| 999 |
_c18182 _d18182 |
||